Theory and Methods in Political Science / (Record no. 13651)
[ view plain ]
| 000 -LEADER | |
|---|---|
| fixed length control field | 01688cam a2200373 a 4500 |
| 001 - CONTROL NUMBER | |
| control field | 12803682 |
| 005 - DATE AND TIME OF LATEST TRANSACTION | |
| control field | 20060301110134.0 |
| 008 - FIXED-LENGTH DATA ELEMENTS--GENERAL INFORMATION | |
| fixed length control field | 020605s2002 enk | b 001 0 eng d |
| 010 ## - LIBRARY OF CONGRESS CONTROL NUMBER | |
| LC control number | 2002072111 |
| 020 ## - INTERNATIONAL STANDARD BOOK NUMBER | |
| International Standard Book Number | 0333948564 (cloth) |
| 020 ## - INTERNATIONAL STANDARD BOOK NUMBER | |
| International Standard Book Number | 9780333948569 (cloth) |
| 020 ## - INTERNATIONAL STANDARD BOOK NUMBER | |
| International Standard Book Number | 0333948556 (pbk.) |
| 020 ## - INTERNATIONAL STANDARD BOOK NUMBER | |
| International Standard Book Number | 9780333948552 (pbk.) |
| 040 ## - CATALOGING SOURCE | |
| Original cataloging agency | DLC |
| Transcribing agency | DLC |
| Modifying agency | DLC |
| 050 00 - LIBRARY OF CONGRESS CALL NUMBER | |
| Classification number | JA71 |
| Item number | .T497 2002 |
| 082 00 - DEWEY DECIMAL CLASSIFICATION NUMBER | |
| Classification number | 320.01 |
| Edition number | 21 |
| Item number | THE |
| 245 00 - TITLE STATEMENT | |
| Title | Theory and Methods in Political Science / |
| Statement of responsibility, etc | Edited by David Marsh and Gerry Stoker. |
| 250 ## - EDITION STATEMENT | |
| Edition statement | 2nd ed. |
| 260 ## - PUBLICATION, DISTRIBUTION, ETC. (IMPRINT) | |
| Place of publication, distribution, etc | Houndmills, Basingstoke, Hampshire ; |
| -- | New York : |
| Name of publisher, distributor, etc | Palgrave Macmillan, |
| Date of publication, distribution, etc | c2002. |
| 300 ## - PHYSICAL DESCRIPTION | |
| Extent | xv, 368 p. ; |
| Dimensions | 24 cm. |
| 490 1# - Series Statement | |
| Series statement | Political Analysis |
| 504 ## - BIBLIOGRAPHY, ETC. NOTE | |
| Bibliography, etc | Includes bibliographical references and index. |
| 650 #0 - SUBJECT ADDED ENTRY--TOPICAL TERM | |
| Topical term or geographic name as entry element | Political science. |
| 9 (RLIN) | 12559 |
| 650 #0 - SUBJECT ADDED ENTRY--TOPICAL TERM | |
| Topical term or geographic name as entry element | Political science |
| General subdivision | Methodology. |
| 9 (RLIN) | 12560 |
| 700 1# - ADDED ENTRY--PERSONAL NAME | |
| Personal name | Marsh, David, |
| Dates associated with a name | 1946- |
| 9 (RLIN) | 12561 |
| 700 1# - ADDED ENTRY--PERSONAL NAME | |
| Personal name | Stoker, Gerry. |
| 9 (RLIN) | 12562 |
| 830 #0 - SERIES ADDED ENTRY--UNIFORM TITLE | |
| Uniform title | Political analysis (Palgrave Macmillan (Firm)) |
| 9 (RLIN) | 12563 |
| 856 42 - ELECTRONIC LOCATION AND ACCESS | |
| Materials specified | Contributor biographical information |
| Uniform Resource Identifier | <a href="http://www.loc.gov/catdir/bios/hol052/2002072111.html">http://www.loc.gov/catdir/bios/hol052/2002072111.html</a> |
| 856 42 - ELECTRONIC LOCATION AND ACCESS | |
| Materials specified | Publisher description |
| Uniform Resource Identifier | <a href="http://www.loc.gov/catdir/description/hol032/2002072111.html">http://www.loc.gov/catdir/description/hol032/2002072111.html</a> |
| 856 41 - ELECTRONIC LOCATION AND ACCESS | |
| Materials specified | Table of contents |
| Uniform Resource Identifier | <a href="http://www.loc.gov/catdir/toc/hol031/2002072111.html">http://www.loc.gov/catdir/toc/hol031/2002072111.html</a> |
| 942 ## - ADDED ENTRY ELEMENTS (KOHA) | |
| Source of classification or shelving scheme | Dewey Decimal Classification |
| Item type | Book - Borrowing |
| Withdrawn status | Item status | Source of classification or shelving scheme | Damaged status | Not for loan | Vendor | Home library | Current library | Shelving location | Date acquired | Source of acquisition | Cost, normal purchase price | Serial Enumeration / chronology | Total Checkouts | Total Renewals | Full call number | Barcode | Date last seen | Date last borrowed | Koha item type |
|---|---|---|---|---|---|---|---|---|---|---|---|---|---|---|---|---|---|---|---|
| Dewey Decimal Classification | Iqraa | Central Library | Central Library | First floor | 14/03/2010 | 252.00 | 1985 | 5 | 3 | 320.01 THE | 000019131 | 15/07/2025 | 18/04/2016 | Book - Borrowing |